Harry Potter: Last Words Quiz Stats

 Plays Quiz Updated Oct 4, 2018

Score 0/18 Timer 03:00
0 Plays Today
Last Words Character % Correct
Not Harry! Please, no, not Harry! I'll do anything-Lily Potter
89.3%
Lily, take Harry and go! It's him! I'll try to hold him off — just go!James Potter
83%
Severus...please...Albus Dumbledore
73.7%
Avada Kedavra!Lord Voldemort
71.4%
You actually are joking, Perce... I don't think I've heard you joke since you were–Fred Weasley
69.2%
What will happen to your children once I've killed you? When Mummy's gone the same way as Freddie?Bellatrix Lestrange
66.7%
Master, I cannot hold him, my hands!Quirinus Quirrell
64.8%
Look... at... me...Severus Snape
48.3%
Harry... Potter...Dobby
45.1%
Last Words Character % Correct
Come on, you can do better than that!Sirius Black
38.1%
Kill me, then, Voldemort! You will not win, you cannot win! The wand will never, ever be yours–Gellert Grindelwald
37.9%
Like it hot, scum?Vincent Crabbe
37.3%
I dunno. Wands out, d'you reckon?Cedric Diggory
34.4%
I do not know, I never knew- a young man — no — please — PLEASE!Gregorovitch
33.5%
Is that right? Lord, is it? Well, I don't think much of your manners, My Lord. Turn 'round and face me like a man, why don't you?Frank Bryce
30.9%
Stand back. Stand away from the door. I am coming in.Wormtail
28.7%
Severus... please... please!Charity Burbage
28%
I hope he looks like his papa...Merope Gaunt
25.9%

You're not logged in!

Compare scores with friends on all Sporcle quizzes.
OR
Log In

Sporcle TV

Today on Sporcle TV


Watch our educational content, quiz creation guides, and fun videos on Sporcle TV.

Show Comments

Extras

Top Quizzes Today


Score Distribution

Your Account Isn't Verified!

In order to create a playlist on Sporcle, you need to verify the email address you used during registration. Go to your Sporcle Settings to finish the process.

Report this User

Report this user for behavior that violates our Community Guidelines.

Details: